International capital markets developments, prospects, and key policy issues
Enregistré dans:
| Auteur principal: | |
|---|---|
| Autres auteurs: | |
| Format: | Livre |
| Langue: | anglais |
| Publié: |
Washington
IMF
2001
|
| Collection: | World economic and financial surveys
|
| Sujets: | |
| Tags: |
Pas de tags, Soyez le premier à ajouter un tag!
|
MARC
| LEADER | 00000nam a2200000 4500 | ||
|---|---|---|---|
| 001 | 0013507 | ||
| 005 | 20240315115454.1 | ||
| 020 | |a 1-58906-056-3 | ||
| 022 | |a 0258-7440 | ||
| 041 | 0 | |a eng | |
| 044 | |a US | ||
| 245 | 1 | 0 | |a International capital markets |b developments, prospects, and key policy issues |c by a staff team led by Donald J. Mathieson and Garry J. Schinasi |
| 264 | 1 | |a Washington |b IMF |c 2001 | |
| 300 | |a 232 s. | ||
| 490 | 1 | |a World economic and financial surveys | |
| 830 | 0 | |a World economic and financial surveys | |
| 610 | 2 | 0 | |a trh kapitálový medzinárodný |
| 610 | 2 | 0 | |a financovanie |
| 610 | 2 | 0 | |a pohyb kapitálu |
| 610 | 2 | 0 | |a trh finančný |
| 610 | 2 | 0 | |a bankovníctvo elektronické |
| 610 | 2 | 0 | |a papiere cenné |
| 610 | 2 | 0 | |a obligácie |
| 610 | 2 | 0 | |a porovnanie medzinárodné |
| 610 | 2 | 0 | |a Japonsko |
| 610 | 2 | 0 | |a Ázia |
| 610 | 2 | 0 | |a Latinská Amerika |
| 100 | 1 | |a Mathieson, Donald J. | |
| 700 | 1 | |a Schinasi, Garry J. | |